| 000 -CABECERA |
| fixed length control field |
00886nam a22002417a 4500 |
| 003 - IDENTIFICADOR DEL NÚMERO DE CONTROL |
| control field |
AR-CdUCM |
| 008 - DATOS DE LONGITUD FIJA--INFORMACIÓN GENERAL |
| fixed length control field |
190409b ||||| |||| 00| 0 spa d |
| 020 ## - NÚMERO INTERNACIONAL ESTÁNDAR DEL LIBRO |
| ISBN |
9786123028787 |
| 040 ## - FUENTE DE LA CATALOGACIÓN |
| Agencia/entidad que catalogó originalmente la obra |
MUNICIPALIDAD PROVINCIAL DEL CUSCO |
| Entidad que transcribió la catalogación |
BIBLIOTECA MUNICIPAL DEL CUSCO |
| 082 ## - NÚMERO DE LA CLASIFICACIÓN DECIMAL DEWEY |
| No. de Clasificación |
001.42/V19 |
| Notacion interna |
V19 |
| 100 ## - ENTRADA PRINCIPAL--NOMBRE DE PERSONA |
| Nombre Personal |
Valderrama Mendoza, Santiago R |
| 245 ## - MENCIÓN DE TÍTULO |
| Título |
Pasos para elaborar proyectos de investigación científica : |
| Resto del título |
cuantitativa, cualitativa y mixta / |
| Mención de responsabilidad |
Santiago Valderrama Mendoza |
| 260 ## - PUBLICACIÓN, DISTRIBUCIÓN, ETC. |
| Lugar de publicación, distribución, etc. |
Lima : |
| Nombre de la editorial, distribuidor, etc. |
Editorial San Marcos, |
| Fecha de publicación, distribución, etc. |
2020. |
| 300 ## - DESCRIPCIÓN FÍSICA |
| Nº de Páginas Extensión |
495 páginas : |
| Otros detalles físicos |
diagramas ; |
| Dimensiones |
25 cm. |
| 500 ## - NOTA GENERAL |
| Bibliografía |
Bibliografía: páginas [487]-489. |
| 650 ## - PUNTO DE ACCESO ADICIONAL DE MATERIA--TÉRMINO DE MATERIA |
| Descriptor |
Investigación |
| 9 (RLIN) |
1940 |
| 650 ## - PUNTO DE ACCESO ADICIONAL DE MATERIA--TÉRMINO DE MATERIA |
| Descriptor |
Metodología |
| 9 (RLIN) |
2264 |
| 650 ## - PUNTO DE ACCESO ADICIONAL DE MATERIA--TÉRMINO DE MATERIA |
| Descriptor |
Ciencia |
| 9 (RLIN) |
2098 |
| 650 ## - PUNTO DE ACCESO ADICIONAL DE MATERIA--TÉRMINO DE MATERIA |
| Descriptor |
Proyectos de investigación |
| 9 (RLIN) |
29334 |
| 650 ## - PUNTO DE ACCESO ADICIONAL DE MATERIA--TÉRMINO DE MATERIA |
| Descriptor |
Tesis y disertaciones académicas |
| 9 (RLIN) |
32113 |
| 942 ## - ELEMENTOS DE PUNTO DE ACCESO ADICIONAL (KOHA) |
| Fuente de clasificación |
|
| Tipo de item |
Libros-BMC |
| 945 ## - PROCESAMIENTO DE INFORMACIÓN LOCAL (OCLC) |
| Catalogador |
rac |